Metodické otázky využitia počítačov na modernizáciu výučby matematiky na VŠE záverečná výskumná správa RŠ-VII-1-06/08

Enregistré dans:
Détails bibliographiques
Format: Livre
Langue:slovaque
Publié: Bratislava VŠE 1990
Tags: Ajouter un tag
Pas de tags, Soyez le premier à ajouter un tag!

MARC

LEADER 00000nam a2200000 4500
001 c033686
005 20260325074227.3
041 0 |a slo 
044 |a SK 
245 1 0 |a Metodické otázky využitia počítačov na modernizáciu výučby matematiky na VŠE  |b záverečná výskumná správa RŠ-VII-1-06/08 
264 1 |a Bratislava  |b VŠE  |c 1990 
300 |a 27 s.